000 00485nam a2200169Ia 4500
999 _c8889
_d8889
003 OSt
005 20200826150115.0
008 190216s9999||||xx |||||||||||||| ||und||
020 _a8178662272
040 _coclc
082 _a658.8403
_bMAI/D
100 _aMaidan, M C
_94362
245 0 _aDictionary Of e-Commerce /
_cM C Maidan
260 _bHimalaya Publishing House,
_aMumbai:
_c2001.
300 _a278p
942 _cBK
_2ddc
_h658.8403
_iMAI/D
_k658.8403
_mMAI/D